Normal view
MARC view
- Stepanoff, A. J
Entry Personal Name
001 - CONTROL NUMBER
- control field: 41910
003 - CONTROL NUMBER IDENTIFIER
- control field: NUST
005 - DATE AND TIME OF LATEST TRANSACTION
- control field: 20210314132154.0
008 - FIXED-LENGTH DATA ELEMENTS
- fixed length control field: 210314|| aca||aabn | a|a d
040 ## - CATALOGING SOURCE
- Original cataloging agency: NUST
- Transcribing agency: NUST
100 ## - HEADING--PERSONAL NAME
- Personal name: Stepanoff, A. J
670 ## - SOURCE DATA FOUND
- Source citation: Work cat.: (NUST): Stepanoff, A. J., centrifugal and axial flow pumps, , 1948
